The framework of an ordered society / (Record no. 33165)
[ view plain ]
| 000 -LEADER | |
|---|---|
| fixed length control field | 00922nam a2200277 a 4500 |
| 001 - CONTROL NUMBER | |
| control field | 33165 |
| 003 - CONTROL NUMBER IDENTIFIER | |
| rucl marc code | BD-RjUL |
| 005 - DATE AND TIME OF LATEST TRANSACTION | |
| control field | 20211209051947.0 |
| 008 - FIXED-LENGTH DATA ELEMENTS--GENERAL INFORMATION | |
| fixed length control field | 140430s1933 enk 000 0 eng d |
| 035 ## - SYSTEM CONTROL NUMBER | |
| System control number | OCLC ocm00289617 from D961004M |
| -- | (BD-RjUL)33256 |
| 040 ## - CATALOGING SOURCE | |
| Original cataloging agency | KSU |
| Transcribing agency | KSU |
| Modifying agency | BD-RjUL |
| Language of cataloging | eng |
| 041 ## - LANGUAGE CODE | |
| Language code of text/sound track or separate title | eng |
| 082 ## - DEWEY DECIMAL CLASSIFICATION NUMBER | |
| Classification number | 658.402 |
| Author mark and year | SAF 1933 |
| 100 1# - MAIN ENTRY--PERSONAL NAME | |
| Personal name | Salter, Arthur |
| Dates associated with a name | 1881-1975 |
| 9 (RLIN) | 100733 |
| 245 14 - TITLE STATEMENT | |
| Title | The framework of an ordered society / |
| Statement of responsibility, etc. | by Sir Arthur Salter |
| 260 ## - PUBLICATION, DISTRIBUTION, ETC. (IMPRINT) | |
| Place of publication, distribution, etc. | Cambridge : |
| Name of publisher, distributor, etc. | The University Press, |
| Date of publication, distribution, etc. | 1933. |
| 300 ## - PHYSICAL DESCRIPTION | |
| Pagination | 57 p. ; |
| Size | 20 cm. |
| 500 ## - GENERAL NOTE | |
| General note | "First Alfred Marshall lectures, delivered at Cambridge on February 22, 23, and 24, 1933" --Prefatory note. |
| 650 #0 - SUBJECT ADDED ENTRY--TOPICAL TERM | |
| Topical term or geographic name as entry element | Industrial organization |
| 9 (RLIN) | 100734 |
| Topical term or geographic name as entry element | Industrial policy. |
| 9 (RLIN) | 100735 |
| Topical term or geographic name as entry element | Economic councils. |
| 9 (RLIN) | 100736 |
| Topical term or geographic name as entry element | Economic policy. |
| 9 (RLIN) | 100737 |
| 942 ## - ADDED ENTRY ELEMENTS (KOHA) | |
| Source of classification or shelving scheme | Dewey Decimal Classification |
| Koha item type | Books |
| Lost status | Source of classification or shelving scheme | Damaged status | Not for loan | Collection code | Permanent Location | Current Location | Shelving location | Date acquired | Source of acquisition | Cost, normal purchase price | Total Checkouts | Full call number | Date last seen | Copy number | Koha item type |
|---|---|---|---|---|---|---|---|---|---|---|---|---|---|---|---|
| Dewey Decimal Classification | Not For Loan | Non-fiction | Central Library, University of Rajshahi | Central Library, University of Rajshahi | Reading Room | 30/11/1957 | Park. American Communicate | 3.00 | 658.402 SAF 1933 | 30/04/2014 | C-1 | Books |